Library of the University of Algiers 3
Ibrahim Sultan Cheibout
شعار جامعة الجزائر 3
مكتبة جامعة الجزائر 3
إبراهيم سلطان شيبوط

الإنترنت وشبكات الحاسوب : (رقم التسجيلة. 45954)

تفاصيل مارك
000 -LEADER
fixed length control field 01239nam a2200241Ia 4500
003 - CONTROL NUMBER IDENTIFIER
control field Ost
005 - DATE AND TIME OF LATEST TRANSACTION
control field 20260507075723.0
008 - FIXED-LENGTH DATA ELEMENTS--GENERAL INFORMATION
fixed length control field 260507s9999||||xx |||||||||||||| ||und||
040 ## - CATALOGING SOURCE
Transcribing agency fsecg
041 ## - LANGUAGE CODE
Language code of text/sound track or separate title ara
082 ## - DEWEY DECIMAL CLASSIFICATION NUMBER
Classification number 1.64
100 ## - MAIN ENTRY--PERSONAL NAME
Personal name التميمي، عبد الفتاح
Relator term مؤلف
245 #0 - TITLE STATEMENT
Title الإنترنت وشبكات الحاسوب :
Remainder of title المبادئ والتطبيقات العملية /
Statement of responsibility, etc. عبد الفتاح التميمي
260 ## - PUBLICATION, DISTRIBUTION, ETC.
Place of publication, distribution, etc. عمان:
Name of publisher, distributor, etc. دار اليازوري,
Date of publication, distribution, etc. 2002
300 ## - PHYSICAL DESCRIPTION
Extent 229 صفحة؛
Other physical details إيضاحات ؛
Dimensions 25 سم
504 ## - BIBLIOGRAPHY, ETC. NOTE
Bibliography, etc. note المراجع ص.227 الملاحق ص.189
520 ## - SUMMARY, ETC.
Summary, etc. المبادئ،ما هو الحاسوب،شبكات الحاسوب،تراسل البيانات،ماهي الإنترنت،التطبيقات العملية،التجهيز للربط بالأنترنت،الويب،البحث عن المعلومات،البريد الإلكتروني،بروتوكول نقل الملفات،مصطلحات وتعريفات الإنترنت،مواقع عربية مختارة
653 ## - INDEX TERM--UNCONTROLLED
Uncontrolled term الأنترنت
653 ## - INDEX TERM--UNCONTROLLED
Uncontrolled term البيانات
653 ## - INDEX TERM--UNCONTROLLED
Uncontrolled term الحاسوب
700 ## - ADDED ENTRY--PERSONAL NAME
Personal name أبو عيد، عماد محمد
Relator term مؤلف ثانوي
942 ## - ADDED ENTRY ELEMENTS (KOHA)
Koha item type كتب
المقتنيات
Withdrawn status Lost status Source of classification or shelving scheme Damaged status Not for loan Home library Current library Date acquired Serial enumeration / chronology Inventory number Total checkouts Full call number Barcode Date last seen Price effective from Koha item type
    Library of Congress Classification   NOT LOAN / إعارة داخلية مكتبة كلية العلوم الإقتصادية والعلوم التجارية وعلوم التسيير مكتبة كلية العلوم الإقتصادية والعلوم التجارية وعلوم التسيير 07/05/2026 الطابق الأرضي 1092/1   أ/1092ن1 1092/1 07/05/2026 07/05/2026 كتب
    Dewey Decimal Classification   Available مكتبة كلية العلوم الإقتصادية والعلوم التجارية وعلوم التسيير مكتبة كلية العلوم الإقتصادية والعلوم التجارية وعلوم التسيير 07/05/2026 الطابق الأرضي 1092/2   أ/1092ن2 1092/2 07/05/2026 07/05/2026 كتب
    Dewey Decimal Classification   Available مكتبة كلية العلوم الإقتصادية والعلوم التجارية وعلوم التسيير مكتبة كلية العلوم الإقتصادية والعلوم التجارية وعلوم التسيير 07/05/2026 الطابق الأرضي 1092/3   أ/1092ن3 1092/3 07/05/2026 07/05/2026 كتب
    Dewey Decimal Classification   Available مكتبة كلية العلوم الإقتصادية والعلوم التجارية وعلوم التسيير مكتبة كلية العلوم الإقتصادية والعلوم التجارية وعلوم التسيير 07/05/2026 الطابق الثاني 1092/4   أ/1092ن4 1092/4 07/05/2026 07/05/2026 كتب

موارد الويب المفتوحة


© University of Algiers 3 All Rights Reserved
|
Implemented by LECHELAH Riad